| 000 | 00000cam 2200000zi 4500 |
| 001 | 9.958100 |
| 003 | CaOODSP |
| 005 | 20251210072439 |
| 006 | m o d f |
| 007 | cr mn||||||||| |
| 008 | 251209e202512##onc ob f000 0 eng d |
| 040 | |aCaOODSP|beng|erda|cCaOODSP |
| 043 | |an-cn--- |
| 045 | |ay1y2 |
| 086 | 1 |aXC16-1/1-451-3E-PDF |
| 110 | 1 |aCanada. |bParliament. |bHouse of Commons. |bStanding Committee on Public Accounts, |eauthor, |eissuing body. |
| 245 | 10|aConnectivity in rural and remote areas : |breport of the Standing Committee on Public Accounts / |cJohn Williamson, chair. |
| 246 | 13|aConnectivity in rural and remote areas |
| 264 | 1|a[Ottawa] : |bHouse of Commons, Canada = Chambre des communes, Canada, |cDecember 2025. |
| 300 | |a1 online resource (vii, 50 pages). |
| 336 | |atext|btxt|2rdacontent |
| 337 | |acomputer|bc|2rdamedia |
| 338 | |aonline resource|bcr|2rdacarrier |
| 490 | 1 |aReport of the Standing Committee on Public Accounts ; 3rd report, 45th Parliament, 1st Session |
| 500 | |aIssued also in French under title: La connectivité des régions rurales et éloignées : rapport du Comité permanent des comptes publics. |
| 500 | |aOriginal published on: 2025/12/08. Republished on: 2025/12/09. |
| 500 | |a"45th Parliament, 1st Session." |
| 500 | |a"Third report"--Page vii. |
| 504 | |aIncludes bibliographical references. |
| 520 | |a"The Auditor General of Canada in her 2023 performance audit found significant shortcomings in the federal government's program to improve broadband internet and mobile cellular connectivity for Canada's rural, remote and First Nations communities. This report of the Standing Committee on Public Accounts makes 12 recommendations to ensure that the Auditor General's recommendations are adequately addressed, and that the Government of Canada provide evidence of this to the Committee through progress reports"--Provided by publisher. |
| 610 | 10|aCanada. |bInnovation, Science and Economic Development Canada|xAuditing. |
| 610 | 20|aCanadian Radio-television and Telecommunications Commission|xAuditing. |
| 650 | 0|aCommunication in rural development|zCanada. |
| 650 | 0|aInternet|zCanada. |
| 650 | 0|aCell phones|zCanada. |
| 650 | 0|aBroadband communication systems|zCanada. |
| 700 | 1 |aWilliamson, John, |d1970- |
| 775 | 08|tLa connectivité des régions rurales et éloignées : |w(CaOODSP)9.958103 |
| 830 | #0|aReport of the Standing Committee on Public Accounts ;|v3rd report, 45th Parliament, 1st Session.|w(CaOODSP)9.505304 |
| 856 | 40|qPDF|s2.99 MB|uhttps://publications.gc.ca/collections/collection_2025/parl/xc16-1/XC16-1-1-451-3-eng.pdf |
| 856 | 4 |qHTML|sN/A|uhttps://www.ourcommons.ca/DocumentViewer/en/45-1/PACP/report-3/ |